| 000 | 00544nam a2200193 a 4500 | ||
|---|---|---|---|
| 001 | 1767587676829 | ||
| 003 | YourLibrary | ||
| 005 | 20260105104546.0 | ||
| 008 | 260105s2000##################000#0#eng## | ||
| 020 | _a9780792364436 | ||
| 082 | 0 | 4 |
_a300.1 _bKLU |
| 100 | 1 |
_aKlüver, Jürgen, _eauthor. |
|
| 245 | 1 | 0 | _aThe Dynamics and Evolution of Social Systems : |
| 260 |
_bSpringer Science & Business Media, _c2000. |
||
| 300 | _a308 pages | ||
| 650 | 0 | _aBusiness & Economics. | |
| 942 | _cENGLISH | ||
| 040 |
_aYourLibrary _beng _cYourLibrary |
||
| 999 |
_c607281 _d607281 |
||